| 000 | 00469nam a2200181 a 4500 | ||
|---|---|---|---|
| 001 | 1794 | ||
| 003 | CDMR | ||
| 005 | 20131024121203.0 | ||
| 008 | 130130s1951||||||||||||||||||||||||||||d | ||
| 040 |
_aCDMR _bcat _cCDMR |
||
| 100 | 1 |
_aPradalie, Roger _91343 |
|
| 245 | 1 | 0 |
_aL'art radiophonique _cpar Roger Pradalié |
| 260 |
_aParis _c1951 _bPresses Universitaires de France |
||
| 300 | _a123 p. | ||
| 490 | 0 |
_aQue sais-je? _v504 |
|
| 650 | 0 | 4 |
_91722 _aRÃ dio |
| 942 |
_cMON _2udc |
||
| 999 |
_c1794 _d1794 |
||